000 00540nam a2200169 a 4500
005 20140412111410.0
008 070214s19uu xx 00 eng d
020 _a078685871-0
050 _aTR(PS E
_bFa21 2000
245 _aFamily storybook library, bk. 6:
_bFriendaship takes you places.
260 _aNew york :
_bDisney press,
_c2000.
300 _a19
440 _aDisneys family storybook library
520 _aStories about love and friendship title includes Toy story and the jungle book
650 _aFables
999 _c105639
_d105639